Flagi na kostce Rubika #2 - Statystyki

Ogólne statystyki
  • Ten quiz został rozwiązany 17 razy
  • Średni wynik to 8 z 12
Statystyki odpowiedzi
Obrazkowy Odpowiedź % Poprawnych
Bułgaria
100%
Białoruś/Madagaskar
88%
Brazylia
88%
Bhutan
81%
Islandia
75%
Stany Zjednoczone
75%
Wenezuela
75%
Sierra Leone
69%
Seszele
56%
Somalia
44%
Azerbejdżan
31%
Wyspy Salomona
13%
Nie znaleziono quizów pasujących do podanych kryteriów
Rozkład punktacji
Procent ludzi z każdym wynikiem
Percentyl według liczby udzielonych odpowiedzi
Twoja historia wyników
Nie rozwiązałeś tego quizu